Städte mit K - Statistiken

Allgemein
  • Dieses Quiz wurde 75 mal gespielt
  • Das Durchschnittsergebnis liegt bei 7 aus 16
Antwortstatistiken
Bildquiz Antwort % Korrekt
Köln
100%
Kopenhagen
81%
Kuala Lumpur
80%
Kairo
75%
Kapstadt
59%
Kyoto
54%
Kiew
45%
Kansas City
43%
Kathmandu
38%
Krakau
38%
Kabul
29%
Kalkutta
28%
Kasan
19%
Kobe
16%
Karlovy Vary
3%
Kaifeng
1%
Keine übereinstimmenden Quizze gefunden
Verteilung der Resultate
Anzahl Personen mit jedem Resultat
Perzentil nach korrekt beantworteten Fragen
Ihre Resultats-Entwicklung
Sie haben dieses Quiz noch nicht gespielt